000 00424nam a22001697a 4500
003 OSt
008 260416b |||||||| |||| 00| 0 eng d
082 _a632.4
_bP74I
100 _aKumar, Pramod
245 _aIntegrated Disease Management of Sheath Rot of Rice
260 _aPusa, Samastipur
_bRAU, Pusa
_c2007
300 _a53P.
502 _bMsc.
_d2007
650 _aPlant Pathology
650 _aMsc.
942 _2ddc
_cT
999 _c50064
_d50064